Designing User Interfaces for an Aging Population : Towards Universal Design /

Guardado en:
Detalles Bibliográficos
Autores principales: Johnson, K.Jeffrey (Autor), Finn, Kate (Autor)
Formato: Libro
Lenguaje:inglés
Publicado: Cambridge : Morgan Kaufmann / Elsevier, Inc., 2017
Edición:1. vydanie
Materias:
Etiquetas: Agregar Etiqueta
Sin Etiquetas, Sea el primero en etiquetar este registro!

MARC

LEADER 00000nam a22000003a 4500
001 0090188
003 SK-STU
005 20210907155708.7
007 ta
008 210907s ----xo-----e------000-0-----d
020 |a 978-0-12-804467-4 
040 |a STU  |b slo 
041 0 |a eng 
044 |a xxu 
100 1 |a Johnson, K.Jeffrey  |4 aut 
245 1 0 |a Designing User Interfaces for an Aging Population :  |b Towards Universal Design /  |c aut. K.Jeffrey Johnson, Kate Finn 
250 |a 1. vydanie 
260 |a Cambridge :  |b Morgan Kaufmann / Elsevier, Inc.,  |c 2017 
300 |a 248 s. 
650 0 7 |a univerzálne navrhovanie 
650 0 7 |a bezbariérová architektúra 
650 0 7 |a vnímanie zmyslové 
650 0 7 |a seniori 
700 1 |a Finn, Kate  |4 aut 
996 |b 284AU08967  |c A* 12247/U  |l AAKNST  |s P  |a 0  |w 0090188_0001